NLSUI OPAC header image

Local government explained / (Record no. 2131)

MARC details
000 -LEADER
fixed length control field 00550nam a2200217 i 4500
001 - CONTROL NUMBER
control field 4652230
003 - CONTROL NUMBER IDENTIFIER
control field OSt
005 - DATE AND TIME OF LATEST TRANSACTION
control field 20260417073610.0
008 - FIXED-LENGTH DATA ELEMENTS--GENERAL INFORMATION
fixed length control field 790809s1978 enka b 001 0 eng
010 ## - LIBRARY OF CONGRESS CONTROL NUMBER
LC control number 79313772
020 ## - INTERNATIONAL STANDARD BOOK NUMBER
International Standard Book Number 0333223551
040 ## - CATALOGING SOURCE
Transcribing agency .
082 00 - DEWEY DECIMAL CLASSIFICATION NUMBER
Classification number 320.8 SEE
100 1# - MAIN ENTRY--PERSONAL NAME
Personal name Seeley, Ivor H.
245 10 - TITLE STATEMENT
Title Local government explained /
Statement of responsibility, etc. Ivor H. Seeley.
260 ## - PUBLICATION, DISTRIBUTION, ETC.
Place of publication, distribution, etc. London :
Name of publisher, distributor, etc. Macmillan,
Date of publication, distribution, etc. 1978.
300 ## - PHYSICAL DESCRIPTION
Extent xv, 202 p. :
Other physical details ill. ;
Dimensions 24 cm.
365 ## - TRADE PRICE
Price amount Rs. 15
650 #0 - SUBJECT ADDED ENTRY--TOPICAL TERM
Topical term or geographic name entry element Local government
Geographic subdivision Great Britain.
942 ## - ADDED ENTRY ELEMENTS (KOHA)
Source of classification or shelving scheme Dewey Decimal Classification
Koha item type BOOKs
Holdings
Withdrawn status Lost status Source of classification or shelving scheme Damaged status Not for loan Home library Current library Shelving location Date acquired Cost, normal purchase price Total Checkouts Full call number Barcode Date last seen Price effective from Koha item type
    Dewey Decimal Classification     . . General Stacks 30.05.2017 15.00   320.8 SEE 2256 30.05.2017 30.05.2017 BOOKs